Historias de la otra revolución /

Vicente Echerri (Trinidad, Cuba, 1948), es autor de Luz en la piedra, Premio de Poesía José María Lacalle (Barcelona, 1981) y Casi de memorias (1985). La señal de los tiempos (1993) reúne obra ensayística, mientras que en Doble nueve aparecen recogidos algunos de sus relatos.

Wedi'i Gadw mewn:
Manylion Llyfryddiaeth
Prif Awdur: Echerri, Vicente (autor)
Fformat: Llyfr
Iaith:Sbaeneg
Cyhoeddwyd: Miami, EUA : Universal, 1998, c1998
Cyfres:(Caniquí)
Pynciau:
Tagiau: Ychwanegu Tag
Dim Tagiau, Byddwch y cyntaf i dagio'r cofnod hwn!

MARC

LEADER 00000nam^a2200000^a^4500
001 000154420
005 20250521000000.0
009 20260310100354.539
020 |a 0-89729-879-9 
037 |a Acervo ITESO - Biblioteca 
041 |a ESP 
082 |a 863.  |b ECH 
100 |a Echerri, Vicente  |e (autor) 
245 1 0 |a Historias de la otra revolución /  |c V. Echerri. 
264 4 |a Miami, EUA :  |b Universal,  |c 1998, c1998 
300 |a 90 p. 
336 |a texto  |b txt  |2 rdacontenido 
337 |a sin mediación  |b n  |2 rdamedio 
338 |a volumen  |b nc  |2 rdasoporte 
440 1 |a (Caniquí) 
520 |a Vicente Echerri (Trinidad, Cuba, 1948), es autor de Luz en la piedra, Premio de Poesía José María Lacalle (Barcelona, 1981) y Casi de memorias (1985). La señal de los tiempos (1993) reúne obra ensayística, mientras que en Doble nueve aparecen recogidos algunos de sus relatos. 
649 |a XX 
650 |a Cuentos Cubanos 
650 |a Literatura Cubana -  |y Siglo XX 
650 |a Literatura e Historia -  |z Cuba 
650 |a Política -  |z Cuba -  |x Historia -  |y 1959-2006 
650 |a Cuba -  |x Historia -  |y 1959-2006 
650 |a Cuba en la Literatura 
910 |a Fondo General 
920 |a Impresos - Libros 
930 |a Colección General 
940 |a Literatura 
905 |a 101 
901 |a 0500086014  |b IT1  |c LIT  |u 20250521 
902 |a https://opac.biblio.iteso.mx/vufind/Record/000154420